000 00758nam a22002057a 4500
999 _c9739
_d9739
003 AR-CdUCM
008 190328b ||||| |||| 00| 0 spa d
040 _aMUNICIPALIDAD PROVINCIAL DEL CUSCO
_cBIBLIOTECA MUNICIPAL DEL CUSCO
082 _a869.56 /
_bV37 / 1946
100 _aVegas Seminario, Francisco
_97374
245 _aChicha, sol y sangre /
260 _aParís :
_bDesclee de brouwer,
_c1946.
300 _a271 páginas ;
_c18 cm.
505 _aContenido: Tita dios nos señala el camino -- Un caso de espiritismo -- El primogénito de los godos -- El enigma de don Juan Heredia -- Absolución de plomo ...
650 _aLiteratura peruana
_9169
650 _aCuentos peruanos
_97
650 _aSiglo XX.
_98
942 _2ddc
_cLIBROS
945 _aacv